[Event "BIH-chT"]
[Site "Neum"]
[Date "2002.06.06"]
[Round "7.2"]
[White "Martinovic, Slobodan"]
[Black "Lputian, Smbat G"]
[Result "0-1"]
[WhiteElo "2450"]
[BlackElo "2634"]
[PlyCount "76"]
[EventDate "2002.06.02"]
[Source "ChessBase"]
[SourceDate "2002.09.20"]

1. d4 e6 2. Nf3 d5 3. c4 c6 4. Qc2 Nd7 5. g3 Ngf6 6. Bg2 Be7 7. O-O O-O 8. Nbd2 b6 9. b3 Bb7 10. e4 Rc8 11. Bb2 Qc7 12. Rac1 Qb8 13. Rfd1 Rfd8 14. e5 Ne8 15. cxd5 exd5 16. Qf5 g6 17. Qf4 Ng7 18. Bh3 f5 19. Qh6 Nf8 20. Ng5 Bxg5 21. Qxg5 Nfe6 22. Qe3 f4 23. Qd3 Rf8 24. Nf3 c5 25. Bg2 Nf5 26. g4 Ne7 27. Ba3 Qa8 28. Rc2 Rc7 29. Rdc1 Rfc8 30. Bh3 g5 31. Bf1 a5 32. Qd2 Ba6 33. Bg2 Bb5 34. h4 h6 35. hxg5 hxg5 36. Bf1 Qa6 37. Bxb5 Qxb5 38. Kg2 Rd7 0-1

[Event "otb"]
[Site "otb"]
[Date "2007.05.04"]
[Round "2"]
[White "Khismatullin Denis"]
[Black "Yudin Sergei"]
[Result "1-0"]
[WhiteElo "2570"]
[BlackElo "2511"]
[PlyCount "73"]
[Source "www.chesslib.no"]
[SourceDate "2004.05.04"]

1. c4 e6 2. Nf3 d5 3. d4 c6 4. Nbd2 Nf6 5. g3 Nbd7 6. Bg2 Be7 7. O-O O-O 8. Qc2 b6 9. e4 Bb7 10. e5 Ne8 11. cxd5 cxd5 12. Re1 Ba6 13. Nf1 Rc8 14. Qd1 Nb8 15. Ne3 Nc6 16. Bd2 Nc7 17. h4 Nb4 18. Bc3 Qd7 19. h5 h6 20. Ng4 Rfd8 21. Nf6+ gxf6 22. exf6 Bxf6 23. Bxb4 Qb5 24. Bd2 Qxb2 25. Rb1 Qa3 26. Ne5 Bxe5 27. dxe5 Kh7 28. Rb3 Qe7 29. Rf3 Ne8 30. Qb1+ Kg7 31. g4 Rc4 32. Rg3 Qh4 33. g5 Rg4 34. Ree3 Qxh5 35. gxh6+ Kh8 36. Rxg4 Qxg4 37. Rg3 1-0

[Event "Politiken Cup"]
[Site "Copenhagen"]
[Date "2000.07.26"]
[Round "9"]
[White "De Firmian, Nick E"]
[Black "Hector, Jonny"]
[Result "1/2-1/2"]
[WhiteElo "2567"]
[BlackElo "2509"]
[PlyCount "37"]
[EventDate "2000.07.17"]
[Source "www.chesslib.no"]
[SourceDate "2004.05.04"]

1. d4 d5 2. Nf3 Nf6 3. c4 e6 4. g3 Bb4+ 5. Bd2 Be7 6. Bg2 O-O 7. O-O c6 8. Qc2 Nbd7 9. Bf4 Nh5 10. Be3 Nhf6 11. Bf4 Nh5 12. Bc1 Nhf6 13. Nbd2 b6 14. e4 dxe4 15. Nxe4 Nxe4 16. Qxe4 Bb7 17. Bf4 Rc8 18. Rad1 h6 19. Ne5 1/2-1/2

[Event "CRO-chT"]
[Site "Medulin"]
[Date "1997.??.??"]
[Round "?"]
[White "Dizdar, Goran"]
[Black "Hulak, Krunoslav"]
[Result "1/2-1/2"]
[WhiteElo "2550"]
[BlackElo "2525"]
[PlyCount "41"]
[EventDate "1997.??.??"]
[Source "www.chesslib.no"]
[SourceDate "2004.05.04"]

1. d4 Nf6 2. Nf3 e6 3. c4 b6 4. g3 Ba6 5. Nbd2 d5 6. Bg2 c6 7. O-O Be7 8. b3 O-O 9. Qc2 Nbd7 10. e4 Rc8 11. Bb2 c5 12. exd5 exd5 13. Rfd1 Re8 14. Rac1 cxd4 15. Nxd4 b5 16. Qb1 bxc4 17. bxc4 Ne5 18. cxd5 Rxc1 19. Rxc1 Nxd5 20. Rd1 Nb4 21. N2f3 1/2-1/2

[Event "Wijk op"]
[Site "Wijk aan Zee"]
[Date "1993.??.??"]
[Round "2"]
[White "Rotstein, Arkadij"]
[Black "Lputian, Smbat G"]
[Result "1-0"]
[WhiteElo "2465"]
[BlackElo "2610"]
[PlyCount "127"]
[EventDate "1993.01.??"]
[Source "ChessBase"]

1. c4 e6 2. Nf3 d5 3. g3 Nf6 4. Bg2 Be7 5. O-O O-O 6. d4 c6 7. Qc2 Nbd7 8. Rd1 b6 9. b3 Ba6 10. Nbd2 Rc8 11. e4 c5 12. exd5 exd5 13. Bb2 Bb7 14. Qf5 dxc4 15. Nxc4 b5 16. Nce5 c4 17. bxc4 bxc4 18. Nxd7 Qxd7 19. Qxd7 Nxd7 20. Ne5 Bxg2 21. Nxd7 Bf3 22. Nxf8 Bxd1 23. Rxd1 Kxf8 24. Bc3 Ke8 25. Kg2 Kd7 26. Kf3 f5 27. Kf4 Bd6+ 28. Kxf5 Rf8+ 29. Ke4 Rxf2 30. Rd2 Rxd2 31. Bxd2 Kc6 32. a4 g6 33. Be3 Bb4 34. d5+ Kb7 35. Kd4 c3 36. Kc4 a5 37. Kd3 Kc7 38. Bf4+ Kb6 39. Be5 Kc5 40. d6 Kc6 41. Bxc3 Bxd6 42. Bxa5 h5 43. Bd2 h4 44. Bf4 hxg3 45. hxg3 Be7 46. Be3 Bb4 47. Kc4 Ba5 48. g4 Be1 49. Bd4 Ba5 50. Bc3 Bc7 51. a5 Bd8 52. a6 Bg5 53. Bd4 Bc1 54. Kd3 Bf4 55. Ke4 Bh6 56. Be3 Bg7 57. a7 Kb7 58. Kd5 Bf6 59. Ke6 Bd8 60. Kf7 g5 61. Kg6 Be7 62. Kf5 Ka8 63. Bxg5 Bc5 64. Bf6 1-0

[Event "Campionato europeo 2007"]
[Site "Dresda GER"]
[Date "2007.04.12"]
[Round "9.53"]
[White "Markowski, Tomasz"]
[Black "Gordon, Stephen"]
[Result "1/2-1/2"]
[WhiteElo "2584"]
[BlackElo "2490"]
[PlyCount "114"]
[EventDate "2007.04.03"]
[Source "www.chesslib.no"]
[SourceDate "2004.05.04"]

1. g3 Nf6 2. Bg2 d5 3. Nf3 e6 4. O-O Be7 5. c4 O-O 6. d4 c6 7. Qc2 Nbd7 8. Nbd2 b6 9. e4 Bb7 10. e5 Ne8 11. cxd5 cxd5 12. Re1 Rc8 13. Qd1 Qc7 14. Nf1 Qc2 15. Qxc2 Rxc2 16. Ne3 Rc8 17. Bd2 Nc7 18. Rac1 a5 19. a3 Nb5 20. Bf1 Na7 21. h4 Rxc1 22. Rxc1 Rc8 23. Rxc8+ Bxc8 24. Ng2 Nb8 25. Nf4 Nac6 26. Bd3 h6 27. Kf1 Ba6 28. Bxa6 Nxa6 29. h5 b5 30. Ke2 Nab8 31. Kd3 Nd7 32. Ne2 Nb6 33. Nc3 b4 34. axb4 Nxb4+ 35. Ke2 Nc6 36. b3 Bb4 37. Nb5 a4 38. bxa4 Nxa4 39. Bxb4 Nxb4 40. Nh4 Nc6 41. f4 Nb6 42. g4 Nc8 43. Kd3 f6 44. Nf3 N8e7 45. Nd6 fxe5 46. fxe5 Nd8 47. Kc3 Nec6 48. Kb3 Nf7 49. Nxf7 Kxf7 50. Ka4 Ke7 51. Kb5 Kd7 52. Kc5 Nd8 53. g5 Nc6 54. g6 Ne7 55. Nh4 Kc7 56. Kb5 Nc6 57. Kc5 Ne7 1/2-1/2

[Event "Liepaya"]
[Site "?"]
[Date "2006.08.04"]
[Round "1"]
[White "Dlugy Maxim"]
[Black "Kulaots Kaido"]
[Result "1-0"]
[WhiteElo "2518"]
[BlackElo "2550"]
[PlyCount "91"]
[EventDate "2006.??.??"]
[Source "www.chesslib.no"]
[SourceDate "2004.05.04"]

1. d4 Nf6 2. c4 e6 3. Nf3 d5 4. g3 Bb4+ 5. Bd2 Be7 6. Bg2 O-O 7. O-O c6 8. Bf4 Nbd7 9. Qc2 Nh5 10. Bc1 Nhf6 11. Nbd2 b6 12. e4 Ba6 13. e5 Ne8 14. Rd1 Nc7 15. b3 Rc8 16. Bb2 Qe8 17. Rac1 f6 18. exf6 Rxf6 19. Ng5 Rg6 20. Nh3 Bd6 21. Re1 Rh6 22. Ng5 Rg6 23. f4 h6 24. Nh3 Rf6 25. Nf2 Rf8 26. Bh3 Qf7 27. cxd5 cxd5 28. Qd1 Rce8 29. Rc6 Qe7 30. Ba3 Bxa3 31. Rxc7 Qd6 32. Rxa7 Bb5 33. Qg4 Rf6 34. Nf3 Bb4 35. Rc1 Rf7 36. Rcc7 Be2 37. Qh5 Ree7 38. Rc8+ Nf8 39. Raa8 Rc7 40. Bg4 Rxc8 41. Rxc8 Rc7 42. Qe8 Rxc8 43. Qxc8 g6 44. Ne5 Bxg4 45. Nfxg4 h5 46. Nf6+ 1-0